El Ingenioso Hidalgo D. Quijote de la Mancha (Record no. 3188)

MARC details
000 -CABECERA
campo de control de longitud fija 01126nam a2200289 a 4500
001 - NÚMERO DE CONTROL
campo de control BRCA_3452
005 - FECHA Y HORA DE LA ÚLTIMA TRANSACCIÓN
campo de control 20190320204305.0
041 ## - CÓDIGO DE LENGUA
Código de lengua del texto/banda sonora o título independiente spa
044 ## - CÓDIGO DEL PAÍS DE LA ENTIDAD EDITORA/PRODUCTORA
Código MARC del país sp
084 ## - OTRO NÚMERO DE CLASIFICACIÓN
Número de clasificación 741
Número de documento/Ítem .F47
-- 1884
100 1# - ENTRADA PRINCIPAL--NOMBRE DE PERSONA
Nombre de persona Fernández de Avellaneda, Alonso
9 (RLIN) 9026
245 10 - MENCIÓN DE TÍTULO
Título El Ingenioso Hidalgo D. Quijote de la Mancha
Mención de responsabilidad, etc. Alonso Fernández de Avellaneda.
260 ## - PUBLICACIÓN, DISTRIBUCIÓN, ETC.
Lugar de publicación, distribución, etc. Barcelona
Nombre del editor, distribuidor, etc. Daniel Cortéz
Fecha de publicación, distribución, etc. 1884
300 ## - DESCRIPCIÓN FÍSICA
Extensión 344 p.
Dimensiones 21 cm.
440 #0 - MENCIÓN DE SERIE/PUNTO DE ACCESO ADICIONAL--TÍTULO
Título Biblioteca Clásica Española
9 (RLIN) 9027
500 ## - NOTA GENERAL
Nota general Contenido : Advertencia del editor. Dedicatoria y prólogo del autor. Texto
500 ## - NOTA GENERAL
Nota general Otra edición de la continuación del Quijote, escrita por Avellaneda, algo abreviada. Tela; lomos y planos decorados Lúdovik Osterc
500 ## - NOTA GENERAL
Nota general Con ex-libris de : Joaquín Abaurre
500 ## - NOTA GENERAL
Nota general QM1530
650 14 - PUNTO DE ACCESO ADICIONAL DE MATERIA--TÉRMINO DE MATERIA
Término de materia o nombre geográfico como elemento de entrada Novela española
Subdivisión cronológica Época clásica, 1500-1700
9 (RLIN) 215
650 14 - PUNTO DE ACCESO ADICIONAL DE MATERIA--TÉRMINO DE MATERIA
Término de materia o nombre geográfico como elemento de entrada Literatura española
Subdivisión cronológica Época clásica, 1500-1700
9 (RLIN) 216
650 14 - PUNTO DE ACCESO ADICIONAL DE MATERIA--TÉRMINO DE MATERIA
Término de materia o nombre geográfico como elemento de entrada Novela española
Subdivisión cronológica Siglo XVII
9 (RLIN) 217
650 14 - PUNTO DE ACCESO ADICIONAL DE MATERIA--TÉRMINO DE MATERIA
Término de materia o nombre geográfico como elemento de entrada Don Quijote (Personaje ficticio)
Término indicativo de función/relación Novela
9 (RLIN) 218
740 0# - PUNTO DE ACCESO ADICIONAL--TÍTULO RELACIONADO O ANALÍTICO NO CONTROLADO
Título relacionado o analítico no controlado El Ingenioso Hidalgo Don Quijote de la Mancha
902 ## - CATALOGADOR
Iniciales QFM
942 ## - ELEMENTOS DE PUNTO DE ACCESO ADICIONAL (KOHA)
Fuente del sistema de clasificación o colocación Library of Congress Classification
Tipo de ítem Koha Libros
Holdings
Estado de retiro Estado de pérdida Estado dañado No para préstamo Localización permanente Ubicación/localización actual Fecha de adquisición Número de inventario Total de préstamos Signatura topográfica completa Código de barras Fecha visto por última vez Precio válido a partir de Tipo de ítem Koha
El ejemplar forma parte de la colección y puede ser consultado según las políticas vigentes.       Biblioteca del Museo Franz Mayer (Rogerio Casas-Alatriste) Biblioteca del Museo Franz Mayer (Rogerio Casas-Alatriste) 15/04/2009 QM1530   741 .F47 1884 (QM1530) 3449 22/03/2019 22/03/2019 Libros